AIDS TO ENGLISH COMPOSITION PART V - ESSAYS (क.क्र.14/4) (Record no. 380274)

MARC details
000 -LEADER
fixed length control field 00557nam a2200169Ia 4500
008 - FIXED-LENGTH DATA ELEMENTS--GENERAL INFORMATION
fixed length control field 100122s9999 xx 000 0 und d
082 ## - DEWEY DECIMAL CLASSIFICATION NUMBER
Item number 65927
Classification number 808.4
100 ## - MAIN ENTRY--PERSONAL NAME
Personal name REGO A G
245 ## - TITLE STATEMENT
Title AIDS TO ENGLISH COMPOSITION PART V - ESSAYS (क.क्र.14/4)
260 ## - PUBLICATION, DISTRIBUTION, ETC. (IMPRINT)
Name of publisher, distributor, etc BETTER YOUR SELF BOOKS
Date of publication, distribution, etc 1981
300 ## - PHYSICAL DESCRIPTION
Extent 135
520 ## - SUMMARY, ETC.
Summary, etc PART V - ESSAYS
620 ## -
-- PART V - ESSAYS
630 ## - SUBJECT ADDED ENTRY--UNIFORM TITLE
Uniform title AIDS TO ENGLISH COMPOSITION PART V - ESSAYS (क.क्र.14/4)
730 ## - ADDED ENTRY--UNIFORM TITLE
Uniform title AIDS TO ENGLISH COMPOSITION PART V - ESSAYS (क.क्र.14/4)
942 ## - ADDED ENTRY ELEMENTS (KOHA)
Koha item type Book
Holdings
Withdrawn status Lost status Damaged status Not for loan Home library Current library Date acquired Cost, normal purchase price Total Checkouts Full call number Barcode Date last seen Cost, replacement price Price effective from Koha item type Public note
        S.V. Pathak Library, Vile Parle S.V. Pathak Library, Vile Parle 08/31/2004 25.00   65927 SVPPARLE-65927 01/25/2010 25.00 01/25/2010 Book ", , General, NA"